000 004570000a22001810004500
003 MACL
005 20151007123728.0
008 151007b xxu||||| |||| 00| 0 eng d
040 _aMACL
_cMACL
041 _aEnglish
082 _a920/BOS
100 _aBhos, S K
_913975
245 _aTej Bahadur Sapru
_bBuilders of Modern India
260 _bPublication Division
_c1978
_aFaridabad
350 _a7.50
650 _aBiography
_913976
942 _cBK
_k920
_2ddc
999 _c4211
_d4211